Statistics for Chicago Bears Quiz

Click here to take the quiz!

General Stats

  • This quiz has been taken 493 times
    (142 since last reset)
  • The average score is 15 of 20

Answer Stats

Question Answer % Correct
Who is the Bears' all-time leading rusher?Walter Payton
93%
What is the nickname of the Chicago Bears?Monsters of the {Midway}
91%
Who was the coach of the 1985 Super Bowl champion Bears?Mike Ditka
90%
What defensive star did the Bears aquire from the Raiders in 2018?Khalil Mack
89%
What was the nickname of 350 pound lineman William Perry?Refrigerator
89%
What is the name of the Bears' stadium?Soldier Field
88%
What quarterback did the Bears choose with the second pick in the 2017 draft,
notably passing over Patrick Mahomes?
Mitchell Trubisky
88%
Defensive Player of the Year - 2006Brian Urlacher
88%
What former Bears player is the best punt returner of all-time?Devin Hester
84%
What was that player's nickname?Sweetness
84%
Who was the quarterback of that team?Jim McMahon
83%
Who, despite not being very good, is the Bears' all-time leader in passing yards?Jay Cutler
79%
What cheesy music video featured the 1985 Bears?The Super Bowl {Shuffle}
78%
Who founded the Bears in 1920 and served as player, team owner, and coach?George Halas
74%
Defensive Player of the Year - 1985, 1988Mike Singletary
71%
What is the nickname of former Bears cornerback Charles Tillman?Peanut
71%
Defensive Player of the Year - 1969, 1970Dick Butkus
69%
On what TV show could you see "Bill Swerski's Superfans" talking about "Da Bears"?Saturday Night Live
55%
What Polish-American fullback was one of the inaugural members inducted into
the Pro Football Hall of Fame in 1963?
Bronko Nagurski
35%
What is a verb that means "to hit the crossbar or upright on a kick"?Doink
1%

Score Distribution

Percentile by Number Answered

Percent of People with Each Score

Your Score History

You have not taken this quiz since the last reset